| 000 | 00622nam a2200205Ia 4500 | ||
|---|---|---|---|
| 003 | GCL | ||
| 008 | 140319s9999 xx 000 0 ara d | ||
| 040 |
_aGCL / _cGCL |
||
| 082 | 0 | 4 |
_a332.46 _bف ت |
| 100 | 1 | _aفيكتور مورجان | |
| 245 | 1 | 0 |
_aتاريخ النقود / _cفيكتور مورجان |
| 700 | 1 | _aنورالدين خليل | |
| 700 | 1 | _aامل حسن | |
| 260 |
_a[S.N] : _bالهيئة المصرية العامة للكتاب ، _c1993 |
||
| 490 | _a | ||
| 650 | 0 | 4 | _aالسياسة المالية |
| 650 | 0 | 4 | _aالنقود |
| 650 | 0 | 4 | _aالتاريخ الاقتصادى |
| 942 |
_2ddc _cBK |
||
| 999 |
_c43743 _d43743 |
||